[Event "St Chely d'Aubrac op 11th"]
[Site "St Chely d'Aubrac"]
[Date "2011.07.10"]
[Round "2"]
[White "Schmitt, Claude"]
[Black "Guichard, Pauline"]
[Result "0-1"]
[WhiteElo "1831"]
[BlackElo "2305"]
[PlyCount "112"]
[EventDate "2011.07.09"]
[EventType "swiss"]
[EventRounds "7"]
[EventCountry "FRA"]
[SourceTitle "CBM 143 Extra"]
[Source "ChessBase"]
[SourceDate "2011.08.29"]
[SourceVersion "1"]
[SourceVersionDate "2011.08.29"]
[SourceQuality "1"]

1. c4 e5 2. Nc3 Bb4 3. Nd5 Be7 4. g3 d6 5. Bg2 c6 6. Nxe7 Nxe7 7. d4 0-0 8. dxe5 dxe5 9. Qxd8 Rxd8 10. Nf3 f6 11. 0-0 Be6 12. b3 a5 13. Ba3 Kf7 14. Rfd1 Rxd1+ 15. Rxd1 a4 16. Bd6 Nd7 17. Nd2 axb3 18. axb3 Nf5 19. Bb4 Ra2 20. e3 g5 21. Be4 h5 22. Bb1 Ra6 23. Bc2 Ra2 24. Bb1 Ra8 25. Bc2 c5 26. Bc3 Ke7 27. Ra1 Rxa1+ 28. Bxa1 Nd6 29. Kf1 f5 30. f4 gxf4 31. exf4 e4 32. Bd1 Bf7 33. Kf2 b5 34. Be2 bxc4 35. bxc4 Nb6 36. h3 Kd7 37. g4 hxg4 38. hxg4 fxg4 39. Bxg4+ Kc6 40. Be2 Nbxc4 41. Nxc4 Bxc4 42. Bg4 Bf7 43. Bh8 Kd5 44. Bb2 Be6 45. Be2 Nf5 46. Ba6 Bd7 47. Bb7+ Bc6 48. Bc8 Nd6 49. Bg4 e3+ 50. Ke1 Ke4 51. Be5 Nc4 52. Bb8 Nb2 53. Be2 c4 54. Be5 Nd3+ 55. Kf1 Nxe5 56. fxe5 c3 0-1

[Event "St Chely d'Aubrac op 7th"]
[Site "St Chely d'Aubrac"]
[Date "2007.07.18"]
[Round "6"]
[White "Danzanvilliers, Patrice"]
[Black "Schmitt, Claude"]
[Result "1/2-1/2"]
[WhiteElo "1858"]
[BlackElo "1970"]
[PlyCount "59"]
[EventDate "2007.07.07"]
[EventType "swiss"]
[EventRounds "9"]
[EventCountry "FIN"]
[SourceTitle "EXT 2008"]
[Source "ChessBase"]
[SourceDate "2007.11.25"]
[SourceVersion "1"]
[SourceVersionDate "2007.11.25"]
[SourceQuality "1"]

1. e4 c5 2. Nf3 e6 3. d4 cxd4 4. Nxd4 Nf6 5. Nc3 d6 6. Bc4 Be7 7. Be3 0-0 8. Qe2 Bd7 9. 0-0-0 a6 10. Bb3 b5 11. f3 Nc6 12. g4 h6 13. Nxc6 Bxc6 14. e5 Ne8 15. exd6 Bxd6 16. Bc5 Qg5+ 17. Be3 Bf4 18. Rd3 Nf6 19. h4 Bxe3+ 20. Rxe3 Qf4 21. Rg1 Rfd8 22. g5 Nd5 23. Nxd5 Bxd5 24. Rg4 Qf5 25. gxh6 g6 26. Bxd5 Rxd5 27. Rg5 Qf4 28. Rxd5 exd5 29. Kd1 Qd4+ 30. Kc1 1/2-1/2

[Event "St Chely d'Aubrac op 7th"]
[Site "St Chely d'Aubrac"]
[Date "2007.07.16"]
[Round "4"]
[White "Viennot, Dylan"]
[Black "Schmitt, Claude"]
[Result "1/2-1/2"]
[WhiteElo "1840"]
[BlackElo "1970"]
[PlyCount "22"]
[EventDate "2007.07.07"]
[EventType "swiss"]
[EventRounds "9"]
[EventCountry "FIN"]
[SourceTitle "EXT 2008"]
[Source "ChessBase"]
[SourceDate "2007.11.25"]
[SourceVersion "1"]
[SourceVersionDate "2007.11.25"]
[SourceQuality "1"]

1. e4 c5 2. Nf3 e6 3. Nc3 d6 4. g3 a6 5. Bg2 Qc7 6. 0-0 Nf6 7. d3 Nbd7 8. Ne1 Rb8 9. f4 b5 10. Nf3 Bb7 11. Ne2 Be7 1/2-1/2

[Event "FRA-chT2"]
[Site "France"]
[Date "2002.03.??"]
[Round "11"]
[White "Schmitt, Claude"]
[Black "Baldi, Audrey Jeanne"]
[Result "1/2-1/2"]
[WhiteElo "1920"]
[BlackElo "1800"]
[PlyCount "77"]
[EventDate "2002.??.??"]
[EventType "team"]
[EventRounds "11"]
[EventCountry "FRA"]
[SourceTitle "EXT 2003"]
[Source "ChessBase"]
[SourceDate "2002.11.25"]
[SourceVersion "1"]
[SourceVersionDate "2002.11.25"]
[SourceQuality "1"]

1. c4 e6 2. Nc3 f5 3. g3 Nf6 4. Bg2 Nc6 5. e3 Bb4 6. Nge2 0-0 7. a3 Bxc3 8. Nxc3 e5 9. d3 d6 10. b4 Qe8 11. 0-0 g5 12. d4 Qg6 13. f4 e4 14. Nb5 Rf7 15. d5 Nd8 16. Bb2 a6 17. Nc3 h5 18. fxg5 Qxg5 19. Rf4 Rh7 20. Qe1 Nf7 21. Nd1 Ng4 22. Nf2 Nxf2 23. Qxf2 Ne5 24. Bxe5 dxe5 25. Rh4 Bd7 26. Qe2 Rf8 27. Rf1 Be8 28. Qf2 Rhf7 29. Qe2 Rf6 30. Qd2 Bg6 31. Rf2 Rd8 32. Qc3 Re8 33. Bf1 Bf7 34. Kh1 c6 35. dxc6 Rxc6 36. c5 Rc7 37. Bh3 Bg6 38. Bf1 Bf7 39. Bh3 1/2-1/2